000 00597nam a2200205 a 4500
001 000033520
003 OSt
005 20240411074013.0
008 110830s1932 dr 000 0 spa d
040 _aDO-SdBNP
_bspa
_cBNPHU
082 4 _aRD863.44
_bA973p
100 1 _aAybar, Agustín
_959033
245 1 0 _aPencas de palma /
_cAgustín Aybar.
260 _aSantiago de los Caballeros :
_b La Información,
_c1932.
300 _a135 p. ;
_c23 cm.
650 0 _aCuentos dominicanos
_9176
650 4 _aLiteratura dominicano
_9177
910 _aValidado. Control de calidad MFF
942 _2ddc
_cLBS1
999 _c33011
_d33011